000
00298nam a22001337a 4500
008
180109b xxu||||| |||| 00| 0 eng d
020
_a
0906783267
041
_a
eng
080
_a
612.39
100
_a
10
101
_a
NUT
245
_a
BASIC STUDIES IN FOOD
_c
MCLOUGHLIN.J.V
942
_2
udc
_c
BK
999
_c
39926
_d
39926